=LDR 00000nam 2200000 4500 =001 NUTBA000000000004677 =005 20140920130825.0 =006 =007 =008 =020 ##$$a 978-602-955-417-5 =035 ##$$0010-091400000000710 =082 ##$$a 641.87 =090 ##$$a 641.87 sya i =100 ##$$a Eti syahrianti =245 ##$$a I Love Coffee And Tea =250 ##$$a Cet. 1 =260 ##$$a Jogjakarta $b Diva Press $c 2009 =300 ##$$a 217 hlm $b ilus $c 21 cm =440 ##$$a Ngopi Dan Ngeteh Sebagian Dari Gay Hidup =850 ##$$a NBPNMAT =990 ##$$a 0001/BPAP-NTB/20142014 =990 ##$$a 0001/BPAP-NTB/20142014 =990 ##$$a 0001/BPAP-NTB/20142014 =990 ##$$a 0001/BPAP-NTB/20142014